000 00472nam a2200181Ia 4500
003 GCL
008 140319s9999 xx 000 0 ara d
040 _aGCL /
_cGCL
082 0 4 _a956.521
_bع م
100 1 _aعبدالرحمن حميدة
245 1 0 _aمحافظة حلب /
_cعبدالرحمن حميدة
300 _a320
490 _aسلسلة بلادنا
_v0
650 0 4 _aسوريا
650 0 4 _aحلب
650 0 4 _aحلب - تاريخ
942 _2ddc
_cBK
999 _c43405
_d43405